Care manažment ako novodobá úloha manažmentu
Význam ergonómie pre podnik, jeho organizáciu a zamestnancov. Ergonómia - súčasť organizácie práce. Významná úloha ergonomických programov, ktorých procesy sú prepojené s procesmi prebiehajúcimi v podniku. Význam care manažmentu v podniku. Hlavné úlohy care manažmentu. Organizačné štruktúry care man...
Salvato in:
| Autore principale: | |
|---|---|
| Altri autori: | |
| Natura: | Capitolo di libro |
| Lingua: | slovacco |
| Soggetti: | |
| Tags: |
Nessun Tag, puoi essere il primo ad aggiungerne!!
|
MARC
| LEADER | 00000naa a2200000 4500 | ||
|---|---|---|---|
| 001 | 0124520 | ||
| 005 | 20231129135228.2 | ||
| 041 | 0 | |a slo | |
| 044 | |a SK | ||
| 245 | 1 | 0 | |a Care manažment ako novodobá úloha manažmentu |c Martina Smutná, Ľuboslav Dulina |
| 520 | |a Význam ergonómie pre podnik, jeho organizáciu a zamestnancov. Ergonómia - súčasť organizácie práce. Významná úloha ergonomických programov, ktorých procesy sú prepojené s procesmi prebiehajúcimi v podniku. Význam care manažmentu v podniku. Hlavné úlohy care manažmentu. Organizačné štruktúry care manažmentu v závislosti od počtu zamestnancov v podniku. Pracovná náplň ergonóma v care manažmente. Aktuálny stav u nás a zámery do budúcnosti. | ||
| 610 | 2 | 0 | |a manažment |
| 610 | 2 | 0 | |a manažéri |
| 610 | 2 | 0 | |a zamestnanci |
| 610 | 2 | 0 | |a kapitál ľudský |
| 610 | 2 | 0 | |a práca |
| 610 | 2 | 0 | |a podmienky pracovné |
| 610 | 2 | 0 | |a prostredie pracovné |
| 610 | 2 | 0 | |a ochrana zdravia |
| 610 | 2 | 0 | |a ergonómia |
| 100 | 1 | |a Smutná, Martina | |
| 700 | 1 | |a Dulina, Ľuboslav | |